1688 1259 1380 1918 1361 1317 1538 1317 1112 1762 1413 1068 1344 1555 1160 1741 1072 1980 1743 1241 1473 1177 1765 1437 1310 1578 1533 1720 1969 1531 1970 1977 1272 1494 1853 1119 1293 1336 1792 1935 1974 1824 1159 1383 1819 1255 1186 1831 1186 1473 1059 1364 1889 1409 1475 1781 1856 1955 1148 1142 1252 1757 1629 1897 1912 1855 1962 1322 1920 1529 1074 1844 1916 1945 1136 1031 1484 1827 1374 1928 1092 1256 1001 1904 1309 1316 1743 1313 1959 1722 1345 1482 1541 1942 1031 1201 1652 1177 1034 BCNSPRNW ULIB Ver.6.0+V

เปลี่ยนเป็นภาษาไทย

Change to English
 แสดงรายละเอียดบรรณานุกรม
  กลับหน้าหลัก

Brief Record : Get Marc (ISO 2709) : E-mail record : QR code < ปิดหน้าต่าง
LEADER : 00000nam 2200000uu 4500
001    13399114092
003     ULIB
008    120216s2553||||th 000 0 tha d
020    ^a9789740651246
060 04 ^aWY32^bส226พ
110 2  ^aสภาการพยาบาล
245 10 ^aพระราชบัญญัติวิชาชีพการพยาบาลและการผดุงครรภ์ พ.ศ.2528และที่แก้ไขเพิ่มเติมโดยพระราชบัญญัติวิชาชีพการพยาบาลและการผดุงครรภ์ (ฉบับที่ 2) พ.ศ.2540 และข้อบังคับระเบียบ ประกาศสภาการพยาบาล /^cสภาการพยาบาล
250    ^aพิมพ์ครั้งที่ 2
260    ^aกรุงเทพฯ :^bศิริยอการพิมพ์,^c2553
300    ^a299 หน้า ;^c29 ซม.
650  4 ^aการพยาบาล^xกฎหมายและระเบียบข้อบังคับ
945    ^p250^l0^i18693
945    ^p250^l0^i18694
945    ^p250^l0^i18695
945    ^p250^l0^i18696
945    ^p250^l0^i18697
995    ^aเกษร
999    ^aใช้งานได้ทุกระบบ
รายการนี้ยังไม่มีแท็ก
คุณยังไม่ได้ล็อกอิน คุณสามารถมีกิจกรรมร่วมกับเว็บไซต์ได้ แต่ต้องล็อกอินก่อน ::
  ล็อกอิน

รายการสื่อสารสนเทศ

ลำดับที่ ประเภท เลขเรียก/บาร์โค้ด สถานที่ สถานะ
1. วิทยาศาสตร์การแพทย์ และสุขภาพ
หนังสือสำรอง
สถานะ=หนังสือสำรอง
WY32 ส226พ ฉ.1 
  Barcode: 18693
ห้องสมุดวิทยาเขตนครสวรรค์
►ส่วนจัดเก็บหนังสือเก่า นว.
บนชั้น
  ขอยืม
2. วิทยาศาสตร์การแพทย์ และสุขภาพ
วิทยาศาสตร์การแพทย์ และสุขภาพ
WY32 ส226พ ฉ.2 
  Barcode: 18694
ห้องสมุดวิทยาเขตนครสวรรค์
►ส่วนจัดเก็บหนังสือเก่า นว.
บนชั้น
  ขอยืม
3. วิทยาศาสตร์การแพทย์ และสุขภาพ
วิทยาศาสตร์การแพทย์ และสุขภาพ
WY32 ส226พ ฉ.3 
  Barcode: 18695
ห้องสมุดวิทยาเขตนครสวรรค์
►ส่วนจัดเก็บหนังสือเก่า นว.
บนชั้น
  ขอยืม
4. วิทยาศาสตร์การแพทย์ และสุขภาพ
วิทยาศาสตร์การแพทย์ และสุขภาพ
WY32 ส226พ ฉ.4 
  Barcode: 18696
ห้องสมุดวิทยาเขตนครสวรรค์
►ส่วนจัดเก็บหนังสือเก่า นว.
บนชั้น
  ขอยืม
5. วิทยาศาสตร์การแพทย์ และสุขภาพ
วิทยาศาสตร์การแพทย์ และสุขภาพ
WY32 ส226พ ฉ.5 
  Barcode: 18697
ห้องสมุดวิทยาเขตนครสวรรค์
►ส่วนจัดเก็บหนังสือเก่า นว.
บนชั้น
  ขอยืม

รายการใกล้เคียง
    หัวเรื่อง [การพยาบาล กฎหมายและระเบียบข้อบังคับ]

BibComment


ยังไม่เคยถูกคอมเมนท์

คอมเมนท์ทรัพยากรรายการนี้
  คอมเมนท์: พระราชบัญญัติวิช..


 Copyright 2026. Bcnsprnw @Library